Numerické metódy na segmentáciu 4D obrazu

Guardado en:
Detalles Bibliográficos
Autor principal: Hornáček, Timotej (Autor)
Otros Autores: Mikula, Karol (Orientador)
Formato: Manuscrito Libro
Lenguaje:eslovaco
Publicado: 2015
Materias:
Acceso en línea:http://is.stuba.sk/zp/portal_zp.pl?podrobnosti=100251
https://opac.crzp.sk/?fn=detailBiblioForm&sid=A1BE4CBC10A6410E23D0748DE444
Etiquetas: Agregar Etiqueta
Sin Etiquetas, Sea el primero en etiquetar este registro!

MARC

LEADER 00000ntm a22000003a 4500
001 stuzp52966
003 SK-STU
005 20230811115454.1
007 ta
008 150427s2015----xo-----f-mn---000-0-slo-d
040 |a STU  |b slo 
041 0 |a slo 
100 1 |a Hornáček, Timotej  |u 010220  |4 aut  |U SvF Stavebná fakulta  |T SvF Katedra matematiky a deskriptívnej geometrie  |X 56656  |U V220  |Y 23  |7 56656 
242 0 1 |a Numerical methods for 4D image segmentation  |y eng 
245 1 0 |a Numerické metódy na segmentáciu 4D obrazu 
260 |c 2015 
650 4 |a segmentácia obrazu  |2 slo 
650 4 |a metóda konečných objemov  |2 slo 
650 4 |a numerická metóda  |2 slo 
650 4 |a finite volume space discretization  |2 eng 
650 4 |a numerical method  |2 eng 
650 4 |a image segmentation  |2 eng 
700 1 |a Mikula, Karol  |4 ths  |X 782  |7 A000000782 
856 4 |u http://is.stuba.sk/zp/portal_zp.pl?podrobnosti=100251 
856 4 |u https://opac.crzp.sk/?fn=detailBiblioForm&sid=A1BE4CBC10A6410E23D0748DE444 
SQL |a stuzp52966  |b DBP  |c SLO  |d Numerické metódy na segmentáciu 4D obrazu  |e 56656  |f Hornáček, Timotej  |g 010220  |h 782  |i Mikula, Karol  |j 20150623  |k 3  |l 01  |m http://is.stuba.sk/zp/portal_zp.pl?podrobnosti=100251  |n B-MPM  |o 9.1.9. aplikovaná matematika